01239nam a2200313Ia 4500001001200000003000800012006001900020007001500039008004100054010001700095020001800112020001500130040002100145035002100166050002800187100004800215245013300263250001200396260004700408300001600455504006400471533015200535650001900687650003000706655002900736710001700765856012600782999001700908ebr10265308CaPaEBRm u cr cn|||||||||080414s2009 nyu sb 001 0 eng d z 2008016551 z9780826101204 z0826101208 aCaPaEBRcCaPaEBR a(OCoLC)30751384814aRC455.4.L67bW67 2009eb1 aWorden, J. Williamq(James William),d1932-10aGrief counseling and grief therapyh[electronic resource] :ba handbook for the mental health practitioner /cJ. William Worden. a4th ed. aNew York, NY :bSpringer Pub. Co.,cc2009. axiv, 314 p. aIncludes bibliographical references (p. 285-304) and index. aElectronic reproduction.bPalo Alto, Calif. :cebrary,d2009.nAvailable via World Wide Web.nAccess may be limited to ebrary affiliated libraries. 0aGrief therapy. 0aMental health counseling. 7aElectronic books.2local2 aebrary, Inc.40uhttp://site.ebrary.com/lib/rucke/Doc?id=10265308zAn electronic book accessible through the World Wide Web; click to view c24703d24703